Contemporary project management / (Record no. 24321)

MARC details
000 -LEADER
fixed length control field 00544cam a2200181 a 4500
020 ## - INTERNATIONAL STANDARD BOOK NUMBER
ISBN 9788131509777
041 ## - LANGUAGE CODE
Language code of text/sound track or separate title English
082 ## - DEWEY DECIMAL CLASSIFICATION NUMBER
Classification number 658.404
Item number KLO
100 1# - MAIN ENTRY--AUTHOR NAME
Author name Kloppenborg, Timothy J.
245 10 - TITLE STATEMENT
Title Contemporary project management /
Statement of responsibility, etc Timothy J. Kloppenborg.
260 ## - PUBLICATION, DISTRIBUTION, ETC. (IMPRINT)
Place of publication New Delhi :
Name of publisher Cengage Learning ,
Year of publication 2009.
300 ## - PHYSICAL DESCRIPTION
Number of Pages 436 pages :
Other physical details illustration ;
Dimensions 26 cm.
504 ## - BIBLIOGRAPHY, ETC. NOTE
Bibliography, etc Includes bibliographical references and index.
650 #0 - SUBJECT ADDED ENTRY--TOPICAL TERM
Subject Project management.
650 #0 - SUBJECT ADDED ENTRY--TOPICAL TERM
Subject Strategic planning.
942 ## - ADDED ENTRY ELEMENTS (KOHA)
Source of classification or shelving scheme Dewey Decimal Classification
Koha item type Books
Holdings
Withdrawn status Lost status Source of classification or shelving scheme Damaged status Not for loan Home library Current library Shelving location Date acquired Source of acquisition Cost, normal purchase price Full call number Accession Number Price effective from Koha item type
    Dewey Decimal Classification     Institute of Public Enterprise, Library Institute of Public Enterprise, Library S Campus 05/02/2026 Gifted by Prof. S. Sathish Kumar (IPE Faculty ) 399.00 658.404 KLO 51029 05/02/2026 Books

Maintained and Designed by
2cqr automation private limited, Chennai. All Rights Reserved.

You are Visitor Number

PHP Hits Count